|
|
|
|
| LEADER |
00000nam0a2200000 4500 |
| 001 |
250732 |
| 005 |
20231101232606.0 |
| 035 |
|
|
|a (RuTPU)RU\TPU\book\272955
|
| 090 |
|
|
|a 250732
|
| 100 |
|
|
|a 20140217d1967 m y0rusy50 ca
|
| 101 |
0 |
|
|a rus
|
| 102 |
|
|
|a UA
|
| 105 |
|
|
|a a j 001zy
|
| 200 |
1 |
|
|a Сборник программированных задач по теоретическим основам электротехники
|e учебное пособие
|f под ред. Н. Г. Максимовича ; Ю. Е. Батранина
|
| 210 |
|
|
|a Львов
|c Изд-во Львовского ун-та
|d 1967
|
| 215 |
|
|
|a 572 с.
|c ил.
|
| 606 |
1 |
|
|a Электротехника теоретическая
|2 stltpush
|3 (RuTPU)RU\TPU\subj\20909
|9 45970
|
| 610 |
1 |
|
|a задачи
|
| 610 |
1 |
|
|a электростатика
|
| 610 |
1 |
|
|a электрические цепи
|
| 610 |
1 |
|
|a магнитные цепи
|
| 610 |
1 |
|
|a постоянный ток
|
| 610 |
1 |
|
|a магнитное поле
|
| 610 |
1 |
|
|a переменный ток
|
| 610 |
1 |
|
|a четырехполюсники
|
| 610 |
1 |
|
|a схемы
|
| 610 |
1 |
|
|a многофазный ток
|
| 610 |
1 |
|
|a переходные процессы
|
| 610 |
1 |
|
|a электромагнитное поле
|
| 610 |
1 |
|
|a постоянный ток
|
| 610 |
1 |
|
|a учебные пособия
|
| 675 |
|
|
|a 621.3.01(075.8)
|v 3
|
| 702 |
|
1 |
|a Максимович
|b Н. Г.
|g Николай Григорьевич
|4 340
|
| 702 |
|
1 |
|a Батранин
|b Ю. Е.
|4 340
|
| 801 |
|
1 |
|a RU
|b 63413507
|c 20140217
|
| 801 |
|
2 |
|a RU
|b 63413507
|c 20220715
|g RCR
|
| 942 |
|
|
|c BK
|